|
|
|
|
| LEADER |
00866cam a2200241 7i4500 |
| 001 |
0000010242 |
| 005 |
20240909090000.0 |
| 020 |
|
|
|a 9789676118486 (paperback)
|
| 020 |
|
|
|a 9676118486 (paperback)
|
| 090 |
0 |
0 |
|a PN5449.M4
|b S25 2006
|
| 100 |
0 |
|
|a Said Zahari
|
| 245 |
1 |
0 |
|a Dalam ribuan mimpi gelisah :
|b memoir Said Zahari
|c Said Zahari.
|
| 260 |
|
|
|a Cheras, Kuala Lumpur:
|b Utusan Pub. & Dis.,
|c 2006.
|
| 300 |
|
|
|a xxxix, 290 p.:
|b ill.;
|c 23 cm.
|
| 500 |
|
|
|a Gift: Prof. Dr. Shaharuddin Badaruddin
|
| 500 |
|
|
|a Includes index
|
| 600 |
0 |
0 |
|a Said Zahari,
|d 1928-
|
| 650 |
|
0 |
|a Political activists --
|z Singapore
|
| 650 |
|
0 |
|a Journalists --
|z Malaysia
|
| 650 |
|
0 |
|a Autobiography
|
| 997 |
|
|
|a Perpustakaan Peringatan Siddiq Fadzil
|
| 999 |
|
|
|a MAL0000376
|b BOK
|c MALAYSIANA
|e 2nd Floor, Shah Alam
|
| 999 |
|
|
|a MAL0000377
|b BOK
|c MALAYSIANA
|e Ground Floor, Bestari Jaya
|